LIBRARY & INFORMATION CENTRE, KCAET, TAVANUR

ONLINE PUBLIC ACCESS CATALOGUE (OPAC)

Textbook of geotechnical engineering (Record no. 13591)

MARC details
000 -LEADER
fixed length control field 00387cam a2200157ua 4500
003 - CONTROL NUMBER IDENTIFIER
control field OSt
008 - FIXED-LENGTH DATA ELEMENTS--GENERAL INFORMATION
fixed length control field 250328b |||||||| |||| 00| 0 eng d
020 ## - INTERNATIONAL STANDARD BOOK NUMBER
ISBN 9788131512258
082 ## - DEWEY DECIMAL CLASSIFICATION NUMBER
Classification number 624.1501
Item number DAS/TE
100 02 - MAIN ENTRY--AUTHOR NAME
Personal name Das, Braja m.
245 0# - TITLE STATEMENT
Title Textbook of geotechnical engineering
250 ## - EDITION STATEMENT
Edition statement 1.
260 ## - PUBLICATION, DISTRIBUTION, ETC. (IMPRINT)
Year of publication 2011.
Name of publisher Cengage Learning,
Place of publication New Delhi
300 ## - PHYSICAL DESCRIPTION
Number of Pages 568p
942 ## - ADDED ENTRY ELEMENTS (KOHA)
Koha item type Books
Holdings
Withdrawn status Lost status Damaged status Collection code Home library Current library Shelving location Date acquired Source of acquisition Cost, normal purchase price Full call number Accession Number Koha item type
      Non-fiction KAUAET KAUAET General Stacks 30/03/2011 Cosmo Books, Thrissur 425.00 624.1501 DAS/TE 22268 Books
      Non-fiction KAUAET KAUAET General Stacks 30/03/2013 Aman Book Stall, Calicut   624.1501 DAS/TE 24131 Books
free website counter